Marketing
Na minha lista:
| Autor principal: | |
|---|---|
| Formato: | Livro |
| Idioma: | inglês |
| Publicado em: |
New York
McGraw-Hill Book Company
1988
|
| Colecção: | McGraw-Hill Series in Marketing
|
| Assuntos: | |
| Tags: |
Sem tags, seja o primeiro a adicionar uma tag!
|
MARC
| LEADER | 00000nam a2200000 4500 | ||
|---|---|---|---|
| 001 | 0262846 | ||
| 005 | 20240111123402.3 | ||
| 020 | |a 0-07-004721-9 | ||
| 041 | 0 | |a eng | |
| 044 | |a US | ||
| 245 | 1 | 0 | |a Marketing |c Peter D. Bennett |
| 264 | 1 | |a New York |b McGraw-Hill Book Company |c 1988 | |
| 300 | |a 763 s. | ||
| 490 | 1 | |a McGraw-Hill Series in Marketing | |
| 830 | 0 | |a McGraw-Hill Series in Marketing | |
| 610 | 2 | 0 | |a marketing |
| 610 | 2 | 0 | |a plánovanie |
| 610 | 2 | 0 | |a kontroling |
| 100 | 1 | |a Bennett, Peter D. | |